Central Library and Information Centre
Sibsagar Girls' College, Sivasagar : Assam

KURI SATIKAR NOVEL BOTA PRAPTRA SAHITIK JIBAN ARU SAHITYA (Record no. 9600)

MARC details
000 -LEADER
fixed length control field 00415cam a2200169ua 4500
008 - FIXED-LENGTH DATA ELEMENTS--GENERAL INFORMATION
fixed length control field 120528n1998 II |||gr||||Z||||||asm
040 ## - CATALOGING SOURCE
Original cataloging agency MAIN
041 ## - LANGUAGE CODE
-- English
082 ## - DEWEY DECIMAL CLASSIFICATION NUMBER
Classification number 080 HUS
100 ## - MAIN ENTRY--PERSONAL NAME
Personal name HUSSAIN, ISMAIL.
245 ## - TITLE STATEMENT
Title KURI SATIKAR NOVEL BOTA PRAPTRA SAHITIK JIBAN ARU SAHITYA
260 ## - PUBLICATION, DISTRIBUTION, ETC.
Place of publication, distribution, etc. DIBRUGARH
Name of publisher, distributor, etc. BANALATA
Date of publication, distribution, etc. 1998
300 ## - PHYSICAL DESCRIPTION
Extent 114.
942 ## - ADDED ENTRY ELEMENTS (KOHA)
Koha item type Books
653 ## - INDEX TERM--UNCONTROLLED
Uncontrolled term General collections
Holdings
Withdrawn status Lost status Damaged status Not for loan Collection code Home library Current library Shelving location Date acquired Full call number Barcode Date last seen Copy number Price effective from Koha item type
        TBASM Central Library and Information Centre Sibsagar Girls College Central Library and Information Centre Sibsagar Girls College Location Not Found 21.07.2000 080 HUS 16590 27.02.2020 1 27.02.2020 Books


Sibsagar Girl's College © 2020. All rights reserved.
Powered by Koha.
Maintained by Abhijit Borpuzari.